[Event "POL-chT U20 2nd League"]
[Site "Sypniewo"]
[Date "2025.06.22"]
[Round "5.95"]
[White "Chrapkowska, Alicja"]
[Black "Leks, Emilia"]
[Result "1/2-1/2"]
[WhiteElo "1589"]
[BlackElo "1587"]
[PlyCount "60"]
[EventDate "2025.06.18"]
[EventType "team-swiss"]
[EventRounds "9"]
[EventCountry "POL"]
[SourceTitle "CB27_2025"]
[SourceDate "2025.07.02"]
[SourceVersion "1"]
[SourceVersionDate "2025.07.02"]
[SourceQuality "1"]
[WhiteTeam "Bydgoszcz Chemik"]
[BlackTeam "Katowice Hetman II"]
[WhiteTeamCountry "POL"]
[BlackTeamCountry "POL"]

1. e4 c6 2. Nc3 d5 3. Nf3 dxe4 4. Nxe4 Bf5 5. Ng3 Bg6 6. d4 h6 7. Bd3 Bxd3 8. Qxd3 e6 9. 0-0 Nf6 10. Re1 Be7 11. b3 0-0 12. Bb2 Nbd7 13. Rad1 Nb6 14. c4 Qc7 15. Ne5 Rad8 16. Qe3 Rfe8 17. f4 c5 18. Kh1 Nbd7 19. f5 cxd4 20. Bxd4 Bc5 21. Bxc5 Qxc5 22. Nxd7 Nxd7 23. Qxc5 Nxc5 24. Kg1 exf5 25. Nxf5 Rxe1+ 26. Rxe1 Ne6 27. Ne7+ Kh7 28. Nd5 g5 29. Rf1 Kg7 30. Re1 Rd7 1/2-1/2

[Event "Wroclaw Anderssen Memorial op"]
[Site "Wroclaw"]
[Date "2024.08.15"]
[Round "6"]
[White "Nowacka, Dorota"]
[Black "Chrapkowska, Alicja"]
[Result "0-1"]
[WhiteElo "1810"]
[BlackElo "1573"]
[PlyCount "62"]
[EventDate "2024.08.15"]
[EventType "swiss (blitz)"]
[EventRounds "9"]
[EventCountry "POL"]
[SourceTitle "CBM 221 Extra"]
[Source "ChessBase"]
[SourceDate "2024.09.30"]
[SourceVersion "1"]
[SourceVersionDate "2024.09.30"]
[SourceQuality "1"]

1. d4 Nf6 2. c4 e6 3. Nf3 b6 4. g3 Bb7 5. Bg2 c5 6. e3 Nc6 7. 0-0 d5 8. cxd5 exd5 9. Nc3 Be7 10. Ne5 0-0 11. b3 cxd4 12. exd4 Re8 13. Bb2 Bd6 14. Nxd5 Nxd5 15. Bxd5 Bxe5 16. dxe5 Rb8 17. Re1 Qg5 18. Qf3 Na5 19. Qxf7+ Kh8 20. Bxb7 Nxb7 21. Rad1 Rf8 22. Qc7 Nc5 23. b4 Ne6 24. Qc3 Rbc8 25. Qe3 Nf4 26. Rd7 Nh3+ 27. Kh1 Nxf2+ 28. Kg1 Nh3+ 29. Kh1 Rf1+ 30. Rxf1 Qxe3 31. e6 Qe4+ 0-1

[Event "Wroclaw Anderssen Memorial op"]
[Site "Wroclaw"]
[Date "2024.08.15"]
[Round "2"]
[White "Wajer, Szymon"]
[Black "Chrapkowska, Alicja"]
[Result "1/2-1/2"]
[WhiteElo "1653"]
[BlackElo "1573"]
[PlyCount "102"]
[EventDate "2024.08.15"]
[EventType "swiss (blitz)"]
[EventRounds "9"]
[EventCountry "POL"]
[SourceTitle "CBM 221 Extra"]
[Source "ChessBase"]
[SourceDate "2024.09.30"]
[SourceVersion "1"]
[SourceVersionDate "2024.09.30"]
[SourceQuality "1"]

1. e4 e5 2. Nf3 Nc6 3. Bc4 Nf6 4. d3 h6 5. 0-0 g5 6. h3 Bg7 7. c3 0-0 8. Re1 d6 9. a4 a5 10. Be3 Ne7 11. Nbd2 Ng6 12. Nf1 Nf4 13. Ng3 Kh8 14. Qb3 g4 15. hxg4 Nxg4 16. d4 Be6 17. d5 Bd7 18. Qc2 Nxe3 19. Rxe3 Bg4 20. Nh2 h5 21. Be2 Bxe2 22. Nxe2 h4 23. Nxf4 exf4 24. Rh3 Qg5 25. Nf3 Qf6 26. Rxh4+ Kg8 27. e5 Qg6 28. Qxg6 fxg6 29. e6 Rae8 30. Rg4 Rf6 31. Re1 c6 32. c4 cxd5 33. cxd5 Rf5 34. Rd1 Rf6 35. b3 Bh6 36. Ng5 Bxg5 37. Rxg5 Kg7 38. Rc1 Kh6 39. Rg4 g5 40. g3 Kh5 41. f3 fxg3 42. Rxg3 Rf5 43. Rc7 Rxd5 44. Rh7+ Kg6 45. Rxb7 Rxe6 46. Rb5 Rd1+ 47. Kf2 Rd2+ 48. Kf1 Rd1+ 49. Kf2 Rd2+ 50. Kf1 Rd1+ 51. Kf2 Rd2+ 1/2-1/2